Pesticide utilizeration on vegetables in saang district, kadal province,(ការប្រើប្រាស់ថ្នំាកសិកម្មលើដំណាំនប្លែនៅស្រុកស្អាង) (Record no. 1137)

000 -LEADER
fixed length control field 00564nam a22001337a 4500
040 ## - CATALOGING SOURCE
Transcribing agency RUA
082 ## - DEWEY DECIMAL CLASSIFICATION NUMBER
Classification number AGR ON 2011 B048 Or.1
100 ## - MAIN ENTRY--AUTHOR NAME
Personal name ON SEYHA
245 ## - TITLE STATEMENT
Title Pesticide utilizeration on vegetables in saang district, kadal province,(ការប្រើប្រាស់ថ្នំាកសិកម្មលើដំណាំនប្លែនៅស្រុកស្អាង)
260 ## - PUBLICATION, DISTRIBUTION, ETC. (IMPRINT)
Place of publication phnom penh
Name of publisher RUA
Year of publication 2011
300 ## - PHYSICAL DESCRIPTION
Number of Pages xv, 52p.
Dimensions ill.
856 ## - ELECTRONIC LOCATION AND ACCESS
Uniform Resource Identifier https://drive.google.com/file/d/14e40ImSZJoh97gRrSguvuAzyx3mncQJJ/view?usp=sharing
942 ## - ADDED ENTRY ELEMENTS (KOHA)
Koha item type AGR
952 ## - LOCATION AND ITEM INFORMATION (KOHA)
Withdrawn status [LOCAL, KOHA] 0
952 ## - LOCATION AND ITEM INFORMATION (KOHA)
Withdrawn status [LOCAL, KOHA] 0
952 ## - LOCATION AND ITEM INFORMATION (KOHA)
Withdrawn status [LOCAL, KOHA] 0
952 ## - LOCATION AND ITEM INFORMATION (KOHA)
Withdrawn status [LOCAL, KOHA] 0
952 ## - LOCATION AND ITEM INFORMATION (KOHA)
Withdrawn status [LOCAL, KOHA] 0
952 ## - LOCATION AND ITEM INFORMATION (KOHA)
Withdrawn status [LOCAL, KOHA] 0
Holdings
Permanent Location Date acquired Koha item type Lost status Shelving location Barcode Current Location Full call number
Library Block B2015-09-23AGR B048RUA036054Library Block BAGR ON 2011 B048 Or.1
Library Block B2015-09-23AGR B048RUA006606Library Block BAGR ON 2011 B048 Or.2
Library Block B2015-09-23AGR B048RUA000698Library Block BAGR ON 2011 B048 Or.3
Library Block B2015-09-23AGR B048RUA000770Library Block BAGR ON 2011 B048 Or.4
Library Block B2015-09-23AGR B048RUA006338Library Block BAGR ON 2011 B048 Or.5
Library Block B2015-09-23AGR B048RUA006616Library Block BAGR ON 2011 B048 Or.6
មជ្ឈមណ្ឌលឯការនៃសាកលវិទ្យាល័យភូមិន្ទកសិកម្មចំការដូង

Powered by Koha